| 000 | 01123nam a2200289 i 4500 | ||
|---|---|---|---|
| 001 | 18327 | ||
| 003 | DO-SdUEMH | ||
| 005 | 20260112213452.0 | ||
| 007 | ta | ||
| 008 | 260112s2017 sp a|||gr|||| 00| 0dspa d | ||
| 020 | _a9788490214701 | ||
| 040 |
_aDO-SdUEMH _bspa _erda |
||
| 041 | _aspa | ||
| 082 | 1 | 4 |
_mCG _bL792 |
| 100 | 1 | _eaut | |
| 245 |
_aNeuroventas: _bdeja ya de vender y haz que ''te compren'' _cJordi Llonch Lópe |
||
| 250 | _aSegunda edición | ||
| 264 | 1 |
_aMálaga, España : _bICB. S.L. _c2017 |
|
| 264 | 4 | _c©2017 | |
| 300 |
_a233 páginas : _bilustraciones ; _c23 cm. |
||
| 336 |
_2rdacontent _atexto _btxt |
||
| 337 |
_2rdamedia _asin mediación _bn |
||
| 338 |
_2rdacarrier _avolumen _bnc |
||
| 504 | _aContiene Información Bibliográfica a Final de la Obra. | ||
| 505 | 2 | _aPrólogo de Mercer Human Resource Consulting -- Prólogo de HayGroup -- Capítulo 1: Introducción -- Capítulo 2: Presente y futuro de la Dirección de Personas -- Capítulo 3: Competencias de la Dirección de Personas -- Capítulo 4: Exigencias de la Alta Dirección a la Función de Recursos Humanos. | |
| 942 |
_2ddc _cBK _n0 |
||
| 999 |
_c18327 _d18327 |
||